| 000 | 00509cam a22002051 4500 | ||
|---|---|---|---|
| 001 | 4538820 | ||
| 005 | 20180109041939.0 | ||
| 008 | 700820s1969 njuab b 000 0 eng | ||
| 010 | _a 68010422 | ||
| 040 |
_aDLC _cDLC _dDLC |
||
| 041 | _aeng | ||
| 080 | _a551.4 | ||
| 082 | 0 | 0 | _a551.4 BLO |
| 100 | 1 | _a9 | |
| 101 | _aBLO | ||
| 245 | 1 | 4 |
_aThe surface of the earth _c[by] Arthur L. Bloom. |
| 504 | _aBibliography: p. 146-147. | ||
| 906 |
_a7 _bcbc _corignew _du _encip _f19 _gy-gencatlg |
||
| 942 |
_2ddc _cBK |
||
| 999 |
_c39868 _d39868 |
||